00343pab a2200121 454500008004000000100002100040245006700061260000900128300001300137362001100150650002600161773003400187180718b2012 xxu||||| |||| 00| 0 eng d aThounaojam, Swar aA preface to racial discourse in India: Northeast and mainland c2012 ap.10-13. a11 Aug aRacial discrimination aEconomic and Political Weekly